Statistics for Top Countries in Badminton

Click here to take the quiz!

General Stats

  • This quiz has been taken 852 times
  • The average score is 8 of 11

Answer Stats

MedalsAnswer% Correct
41China
99%
3Japan
94%
19Indonesia
92%
19South Korea
87%
2India
86%
8Malaysia
86%
8Denmark
82%
3Great Britain
67%
1Spain
63%
1Russia
51%
1Netherlands
25%

Score Distribution

Percentile by Number Answered

Percent of People with Each Score

Your Score History

You have not taken this quiz